书目信息 |
| 题名: |
张行画集
|
|
| 作者: | 张行 作 | |
| 分册: | ||
| 出版信息: | 北京 人民美术出版社 1982 |
|
| 页数: | 117页 | |
| 开本: | 26cm | |
| 丛书名: | ||
| 单 册: | ||
| 中图分类: | J221.8 | |
| 科图分类: | ||
| 主题词: | 绘画--中国 | |
| 电子资源: | ||
| ISBN: | ||
| 000 | 00500nam0 2200193 450 | |
| 001 | 0656183734 | |
| 005 | 20061116153858.21 | |
| 010 | @dCNY20.50 | |
| 100 | @a20061116d1982 km y0chiy0120 ea | |
| 101 | 0 | @achi |
| 102 | @aCN@b110000 | |
| 200 | 1 | @a张行画集@Azhang xing hua ji@f张行作@Fzhang xing zuo |
| 210 | @a北京@c人民美术出版社@d1982 | |
| 215 | @a117页@d26cm | |
| 606 | 0 | @a绘画@x中国 |
| 690 | @aJ221.8@v3 | |
| 701 | 0 | @a张行@Azhang xing@4作 |
| 801 | 0 | @aCN@bPFT@c20061116 |
| 905 | @a10447@dJ221.8@e1 | |
| 张行画集/张行作.-北京:人民美术出版社,1982 |
| 117页;26cm |
| ISBN :CNY20.50 |
| ● |
| 相关链接 |
|
|
|
|
正题名:张行画集
索取号:J221.8/1
 
预约/预借
| 序号 | 登录号 | 条形码 | 馆藏地/架位号 | 状态 | 备注 |
| 1 | 0208667 | 202445096 | 第一样本阅览室/ [索取号:J221.8/1] | 在馆 |